000
00336nam a22001457a 4500
003
OSt
005
20241023145510.0
008
241021b |||||||| |||| 00| 0 eng d
040
_a
Chap
_c
Chap
245
_a
Redalyc
264
_b
Redalyc
856
_u
https://www.redalyc.org/
_y
ACCESO ABIERTO
942
_2
local
942
_c
ITEMRECELE
999
_c
220220
_d
220220